000 00941nam a2200253Ia 4500
003 OSt
005 20220923215120.0
006 a|||||r|||| 00| 0
007 ta
008 220922b |||||||| |||| 00| 0 hin d
024 _a175,729
037 _cTextual
040 _aARTS
_cARTS
_bhin
041 _2hin
_ahin
082 _aO152,1wN3, M4
100 _aपाण्डेय, चन्दा
_9156369
245 0 _aहिन्दी का आत्मसमीक्षात्मक साहित्य, एक एक सर्वेक्षण
246 _aHindī kā ātmasamīkṣhātmak sāhitya, ek ek sarvekṣhaṇa
260 _aलखनऊ
_b कल्पकार प्रकाशन
_c1984
300 _a239 पृ.
_ccm.
650 _aहिन्दी साहित्य
_9156264
942 _hO152,1wN3, M4
_cTEXL
_2CC
999 _c329431
_d329431